000 00299nam a2200121Ia 4500
008 190216s9999||||xx |||||||||||||| ||und||
100 _aRai Al
245 0 _aTeaching The Child
260 _b"An Issed Publication, New Delhi"
_c1968
300 _a149p
650 _aGeneral Collections
942 _cREF
999 _c35331
_d35331